Αγώνες αναγνώρισης στο δημοκρατικό κράτος δικαίου
Αποθηκεύτηκε σε:
| Κύριος συγγραφέας: | |
|---|---|
| Άλλοι συγγραφείς: | |
| Μορφή: | Βιβλίο |
| Γλώσσα: | Greek German |
| Δημοσίευση: |
Αθήνα :
Νέα Σύνορα,
1994.
|
| Σειρά: | Φιλοσοφία (Νέα Σύνορα)
|
| Θέματα: | |
| Ετικέτες: |
Προσθήκη ετικέτας
Δεν υπάρχουν, Καταχωρήστε ετικέτα πρώτοι!
|
MARC
| LEADER | 00000cam a2200000 i 4500 | ||
|---|---|---|---|
| 001 | 1/2798 | ||
| 008 | 960228s1994 gr | ||| |||| ||gre|| | ||
| 020 | |a 9602364874 | ||
| 035 | |l 10014991 | ||
| 040 | |a GR-MyUA |b gre |e AACR2 | ||
| 041 | 1 | |a gre |h ger | |
| 082 | 7 | |a 342 |2 (22) | |
| 100 | 1 | |a Habermas, Jürgen. | |
| 245 | 1 | 0 | |a Αγώνες αναγνώρισης στο δημοκρατικό κράτος δικαίου / |c Jurgen Habermas ; επιμέλεια, μετάφραση: Θεόδωρος Γεωργίου. |
| 260 | |a Αθήνα : |b Νέα Σύνορα, |c 1994. | ||
| 300 | |a 105 σ. ; |c 21 εκ. | ||
| 490 | 1 | |a (Φιλοσοφία / Νέα Σύνορα) | |
| 500 | |a Τίτλος πρωτοτύπου: Anerkennungskampfe in democratischen rechtsstaat. | ||
| 650 | 0 | 0 | |a People (Constitutional law) |
| 650 | 0 | 0 | |a State, The. |
| 650 | 0 | 0 | |a State action (Civil rights) |
| 700 | 1 | |a Γεωργίου, Θεόδωρος, |d 1954- |e edt |e trl | |
| 830 | 0 | |a Φιλοσοφία (Νέα Σύνορα) | |
| 852 | |a INST |b LESVOS |e 19960228 |h 342 HAB |p 005100007107 |q 005100007107 |t BK |y 0 | ||
| 909 | |a Λ |b 043756 | ||
| 922 | |a 1ΕΛΗ |b 199602 |c ΤΚΑ | ||